000 00285 a2200133 4500
000 nam a22 7a 4500
100 _aChohan
110 _aChohan
245 _aSamajik manav vigyan
250 _aLatest edition
260 _bSatyam
_c2022
264 _bSatyam
_c2022
942 _cBK
999 _c312125
_d312125